Příprava na kvalifikační zkoušky televizních mechaniků /

Guardado en:
Detalles Bibliográficos
Autor principal: Vít, Vladimír (Autor)
Formato: Libro
Lenguaje:eslovaco
Publicado: Praha : Práce, 1981
Edición:1.vyd.
Etiquetas: Agregar Etiqueta
Sin Etiquetas, Sea el primero en etiquetar este registro!

MARC

LEADER 00000nam a22000003a 4500
001 stu9607
005 20150617225803.4
008 970425s1981----cs------------------slo-d
040 |a STU  |b slo 
041 0 |a slo 
044 |a cs 
080 |a 621.397 
100 1 |a Vít, Vladimír  |4 aut 
245 1 |a Příprava na kvalifikační zkoušky televizních mechaniků /  |c [aut.] Vít,Vladimír 
250 |a 1.vyd. 
260 |a Praha :  |b Práce,  |c 1981 
300 |a 422 s 
996 |b 284EK04958  |c E*49218  |l EE01  |s A  |a 24  |w stu9607_0001